Modern concepts on water resources (Record no. 1335)

000 -LEADER
fixed length control field 00600nam a22002177a 4500
001 - CONTROL NUMBER
control field 1335
003 - CONTROL NUMBER IDENTIFIER
control field BD-DhUET
008 - FIXED-LENGTH DATA ELEMENTS--GENERAL INFORMATION
fixed length control field 140903b xxu||||| |||| 00| 0 eng d
020 ## - INTERNATIONAL STANDARD BOOK NUMBER
International Standard Book Number 9848090309
040 ## - CATALOGING SOURCE
Original cataloging agency 0
Transcribing agency 0
Modifying agency BD-DhUET
082 ## - DEWEY DECIMAL CLASSIFICATION NUMBER
Classification number 628.16068095492
Item number FAI/2007
100 ## - MAIN ENTRY--PERSONAL NAME
Personal name Faisal Hossain
245 ## - TITLE STATEMENT
Title Modern concepts on water resources
Statement of responsibility, etc. by Faisal Hossain,Md. Delawer Hossain
250 ## - EDITION STATEMENT
Edition statement Ist ed.
260 ## - PUBLICATION, DISTRIBUTION, ETC. (IMPRINT)
Place of publication, distribution, etc. Dhaka
Name of publisher, distributor, etc. UGC,
Date of publication, distribution, etc. 2007
300 ## - PHYSICAL DESCRIPTION
Extent xv,222p.
504 ## - BIBLIOGRAPHY, ETC. NOTE
Bibliography, etc Includes bibliographies
650 #0 - SUBJECT ADDED ENTRY--TOPICAL TERM
Topical term or geographic name as entry element Water resources management
Geographic subdivision Bangladesh
700 ## - ADDED ENTRY--PERSONAL NAME
Personal name Delawer Hossain, Md.
942 ## - ADDED ENTRY ELEMENTS (KOHA)
Koha item type General Book
Holdings
Koha normalized classification for sorting Copy number Shelving location Koha full call number Source of classification or shelving scheme Withdrawn status Not for loan Piece designation (barcode) Damaged status Koha date last seen Sublocation or collection (holding branch) Price effective from Lost status Date acquired Koha item type Location (home branch)
628_160680954920000_FAI_20071Circulation section628.16068095492/FAI/2007   103500 2014-09-03Central Library, BUET2014-09-03 2014-09-03General BookCentral Library, BUET
628_160680954920000_FAI_20072Circulation section628.16068095492/FAI/2007   103501 2014-09-03Central Library, BUET2014-09-03 2014-09-03General BookCentral Library, BUET
628_160680954920000_FAI_20073Circulation section628.16068095492/FAI/2007   103502 2014-09-03Central Library, BUET2014-09-03 2014-09-03General BookCentral Library, BUET
628_160680954920000_FAI_20074Circulation section628.16068095492/FAI/2007   103503 2014-09-03Central Library, BUET2014-09-03 2014-09-03General BookCentral Library, BUET
628_160680954920000_FAI_20075Circulation section628.16068095492/FAI/2007   103504 2014-09-03Central Library, BUET2014-09-03 2014-09-03General BookCentral Library, BUET
628_160680954920000_FAI_20076Circulation section628.16068095492/FAI/2007   103505 2014-09-03Central Library, BUET2014-09-03 2014-09-03General BookCentral Library, BUET
628_000000000000000_16068095497Circulation section628.16068095492/FAI/2007   103506 2014-09-03Central Library, BUET2014-09-03 2014-09-03General BookCentral Library, BUET
628_000000000000000_16068095498Circulation section628.16068095492/FAI/2007   103507 2014-09-03Central Library, BUET2014-09-03 2014-09-03General BookCentral Library, BUET
628_160680954920000_FAI_20079Circulation section628.16068095492/FAI/2007   103508 2014-09-03Central Library, BUET2014-09-03 2014-09-03General BookCentral Library, BUET
628_000000000000000_160680954910Circulation section628.16068095492/FAI/2007   103509 2014-09-03Central Library, BUET2014-09-03 2014-09-03General BookCentral Library, BUET
628_160680954920000_FAI_200711Circulation section628.16068095492/FAI/2007   114242 2016-07-26Central Library, BUET2016-07-26 2016-07-26General BookCentral Library, BUET
628_160680954920000_FAI_200712Circulation section628.16068095492/FAI/2007   114243 2016-07-26Central Library, BUET2016-07-26 2016-07-26General BookCentral Library, BUET